00401nam a2200133Ia 450000500170000000800410001702000180005808200230007610000210009924500590012026000350017930000130021465000400022720250519134634.0231217s9999 xx 000 0 und d a9780670083497 a294.5923 DAS;1 R aDas, Gurucharan. 0aDifficulty of being good : on the subtle art of dharma c2009bPenguin GroupaNew Delhi alii, 434 aDifficulty,being,good,subtle,dharma